Vues des Îles Sandwich et autres îles (Record no. 196767)
[ view plain ]
| 000 -LEADER | |
|---|---|
| campo de control de longitud fija | 01693nea a2200409 i 4500 |
| 001 - NÚMERO DE CONTROL | |
| campo de control | 196767 |
| 003 - IDENTIFICADOR DE NÚMERO DE CONTROL | |
| campo de control | SpMaBN |
| 005 - FECHA Y HORA DE LA ÚLTIMA TRANSACCIÓN | |
| campo de control | 20250831020452.0 |
| 007 - CAMPO FIJO DE DESCRIPCIÓN FÍSICA--INFORMACIÓN GENERAL | |
| campo de control de longitud fija | aj*aanzn |
| 008 - DATOS DE LONGITUD FIJA--INFORMACIÓN GENERAL | |
| campo de control de longitud fija | 241114s1799 fr g r 0 fre |
| 034 0# - DATOS MATEMÁTICOS CARTOGRÁFICOS CODIFICADOS | |
| Tipo de escala | a |
| 035 ## - NÚMERO DE CONTROL DEL SISTEMA | |
| Número de control de sistema | (SpMaBN)a6617114 |
| 035 ## - NÚMERO DE CONTROL DEL SISTEMA | |
| Número de control de sistema | (OCoLC)1129293414 |
| 035 ## - NÚMERO DE CONTROL DEL SISTEMA | |
| Número de control de sistema | 991025555129708606 |
| 040 ## - FUENTE DE CATALOGACIÓN | |
| Centro catalogador/agencia de origen | SpMaBN |
| Lengua de catalogación | spa |
| Centro/agencia transcriptor | SpMaBN |
| Normas de descripción | rdc |
| 080 ## - NÚMERO DE LA CLASIFICACIÓN DECIMAL UNIVERSAL | |
| Número de la Clasificación Decimal Universal | (739.9) |
| Identificador de la edición | 2015 |
| 080 ## - NÚMERO DE LA CLASIFICACIÓN DECIMAL UNIVERSAL | |
| Número de la Clasificación Decimal Universal | (866.4) |
| Identificador de la edición | mrf12 |
| 245 00 - MENCIÓN DEL TÍTULO | |
| Título | Vues des Îles Sandwich et autres îles |
| Medio | [Material cartográfico] |
| 255 ## - DATOS MATEMÁTICOS CARTOGRÁFICOS | |
| Mención de escala | Escala indeterminada |
| 260 ## - PUBLICACIÓN, DISTRIBUCIÓN, ETC. | |
| Lugar de publicación, distribución, etc. | [A Paris] : |
| Nombre del editor, distribuidor, etc. | [De L'Imprimerie de la République], |
| Fecha de publicación, distribución, etc. | [1799] |
| 300 ## - DESCRIPCIÓN FÍSICA | |
| Extensión | 6 perfiles en 1 h. ; |
| Dimensiones | 65 x 92 cm |
| 336 ## - TIPO DE CONTENIDO | |
| Término de tipo de contenido | Imagen (cartográfica ; fija ; bidimensional ; visual) |
| Fuente | isbdcontent |
| 337 ## - TIPO DE MEDIO | |
| Nombre/término del tipo de medio | sin mediación |
| Fuente | isbdmedia |
| 338 ## - TIPO DE SOPORTE | |
| Fuente | rdacarrier |
| Nombre/término del tipo de soporte | volumen |
| 500 ## - NOTA GENERAL | |
| Nota general | Representación de perfiles verticales del terreno |
| 505 0# - NOTA DE CONTENIDO CON FORMATO | |
| Nota de contenido con formato | Contiene: Baie Whyteete a Woahoo ; Baie Whymea a Atooi ; Côte de la Rade de Raheina a Mowée ; Modoo Mannoo ; Île Albemarle |
| 596 ## - NOTA AL PIE DE IMPRENTA | |
| NOTA AL PIE DE IMPRENTA | Datos y año de edición tomados del atlas en el que se encuentra el mapa |
| 611 20 - PUNTO DE ACCESO ADICIONAL DE MATERIA--NOMBRE DE REUNIÓN/CONGRESO | |
| Nombre de congreso/reunión o jurisdicción como elemento de entrada | Vancouver, Expedición de, |
| Fecha del congreso o de la firma del tratado | 1791-1795 |
| 9 (RLIN) | 239420 |
| 651 #0 - PUNTO DE ACCESO ADICIONAL DE MATERIA--NOMBRE GEOGRÁFICO | |
| Nombre geográfico | Hawái (Estados Unidos, Estado)- |
| Subdivisión de forma | Mapas |
| 9 (RLIN) | 239284 |
| 651 #7 - PUNTO DE ACCESO ADICIONAL DE MATERIA--NOMBRE GEOGRÁFICO | |
| Nombre geográfico | Galápagos (Ecuador) |
| Subdivisión de forma | Mapas |
| Fuente del encabezamiento o término | embne |
| 9 (RLIN) | 239305 |
| 700 0# - ENTRADA AGREGADA--NOMBRE PERSONAL | |
| Nombre de persona | Vancouver, George, |
| Fechas asociadas al nombre | 1757-1798 |
| 9 (RLIN) | 113045 |
| 710 ## - ENTRADA AGREGADA--NOMBRE DE ENTIDAD CORPORATIVA | |
| Nombre de entidad corporativa o nombre de jurisdicción como elemento de entrada | Imprimerie de la République (Francia) |
| 9 (RLIN) | 239285 |
| 852 ## - LOCALIZACIÓN | |
| Ubicación | ES-MaACL |
| Ubicación en estantería | Depósito 2 |
| Signatura antigua | Olim: B-6988 |
| -- | Olim: 155-A-2 |
| Número de control de estantería | GF-116(11) |
| Encuadernación | Encuadernado con otros mapas formando un volumen facticio. |
| itemnumber | 204459 |
| 942 ## - ELEMENTOS DE ENTRADA SECUNDARIOS (KOHA) | |
| Fuente del sistema de clasificación o colocación | Clasificación decimal universal |
| Tipo de ítem Koha | Mapa |
| Suprimir en OPAC | No |
| Estatus retirado | Estado de pérdida | Fuente del sistema de clasificación o colocación | Estado de daño | No para préstamo | Biblioteca de origen | Biblioteca actual | Ubicación en estantería | Fecha de adquisición | Total de préstamos | Signatura topográfica completa | Código de barras | Visto por última vez | Precio de reemplazo | Tipo de ítem Koha |
|---|---|---|---|---|---|---|---|---|---|---|---|---|---|---|
| Clasificación decimal universal | Biblioteca del Ateneo de Madrid | Biblioteca del Ateneo de Madrid | Depósito 2 | 14/11/2024 | GF-116(11) | 101229300 | 14/11/2024 | 14/11/2024 | Mapa |
